|
|
|
|
| LEADER |
00000nam a2200000 i 4500 |
| 001 |
DIGVIETO177 |
| 003 |
NyNyDIG |
| 008 |
210406s2016 sp ob 000 f spa d |
| 006 |
m o d |
| 007 |
cr ||||||||||| |
| 035 |
|
|
|a (OCoLC)1245506125
|
| 040 |
|
|
|a DGITA
|b eng
|e rda
|e pn
|c DGITA
|
| 020 |
|
|
|z 9788416288953
|
| 020 |
|
|
|z 841628895X
|
| 043 |
|
|
|a e-sp---
|
| 050 |
1 |
4 |
|a PQ6656.A37 ebook
|
| 082 |
1 |
4 |
|a 863.64
|a Fic
|
| 100 |
1 |
|
|a Falcón, Lidia,
|d 1935-
|e author.
|
| 245 |
1 |
3 |
|a El honor de Dios /
|c Lidia Falcón.
|
| 264 |
|
1 |
|a Vilassar de Dalt (Barcelona) :
|b El Viejo Topo,
|c [2016]
|
| 300 |
|
|
|a 1 online resource.
|
| 336 |
|
|
|a text
|b txt
|2 rdacontent
|
| 337 |
|
|
|a computer
|b c
|2 rdamedia
|
| 338 |
|
|
|a online resource
|b cr
|2 rdacarrier
|
| 347 |
|
|
|a text file
|2 rdaft
|
| 347 |
|
|
|b PDF
|
| 490 |
1 |
|
|a Narrativa
|
| 500 |
|
|
|a "Una novela basada en el asesinato de Lasa y Zabala y el terrorismo de Estado"--Cover.
|
| 504 |
|
|
|a Includes bibliographical references.
|
| 588 |
0 |
|
|a Online resource; title from PDF title page (Digitalia, viewed April 15, 2021)
|
| 610 |
2 |
0 |
|a Grupos Antiterroristas de Liberación (Spain)
|v Fiction.
|
| 610 |
2 |
0 |
|a ETA (Organization)
|v Fiction.
|
| 650 |
|
0 |
|a Terrorism
|z Spain
|x History
|y 20th century
|v Fiction.
|
| 655 |
|
7 |
|a Novels.
|2 lcgft
|
| 655 |
|
0 |
|a Electronic books.
|
| 791 |
2 |
|
|a Digitalia (Firm),
|e distributor.
|
| 793 |
0 |
|
|g Digitalia eBook Collection:
|a El Viejo Topo
|
| 776 |
0 |
8 |
|i Print version:
|a Falcón, Lidia, 1935-
|t Honor de Dios.
|d Vilassar de Dalt (Barcelona) : El Viejo Topo, [2016]
|z 9788416288953
|w (DLC) 2016476723
|w (OCoLC)964544568
|
| 830 |
|
0 |
|a Narrativa (Viejo Topo (Firm))
|
| 856 |
4 |
0 |
|3 Digitalia Hispánica
|u https://www.digitaliapublishing.com/a/57646/
|
| 910 |
|
|
|a Premium collection: 2021
|